000 00509nam a2200169 i 4500
001 88382
003 ES-MaACL
005 20230906175841.0
007 t|
008 050104s1978 sp ||||1| spa d
100 1 _aLagunilla Iñárritu, Alfredo.
_969632
245 1 0 _aHistoria de México
_b: prolegómenos /
_cAlfredo Lagunilla Iñárritu.
250 _a[1ª ed.].
260 _a[México, D.F.] :
_bFomento Cultural Banamex,
_c[1978]
300 _a235 p. ;
_c22 cm.
852 _aES-MaACL
_jA-10593
_bR.99802
999 _c88382
_d88382